Most Popular Sodas in the U.S - Statistics

General Stats
  • This quiz has been taken 512 times
  • The average score is 7 of 10
Answer Stats
Popular Rank Answer % Correct
1 Coca-Cola
99%
3 Pepsi
96%
6 Sprite
91%
5 Dr Pepper
86%
10 Fanta
78%
4 Mountain Dew
76%
2 Diet Coke
70%
7 Diet Pepsi
63%
9 Diet Dr Pepper
44%
8 Diet Mountain Dew
37%
No matching quizzes found
Score Distribution
Percent of People with Each Score
Percentile by Number Answered
Your Score History
You have not taken this quiz